| 000 -LEADER |
| fixed length control field |
01535 a2200253 4500 |
| 003 - CONTROL NUMBER IDENTIFIER |
| control field |
Nust |
| 005 - DATE AND TIME OF LATEST TRANSACTION |
| control field |
20221121101611.0 |
| 010 ## - LIBRARY OF CONGRESS CONTROL NUMBER |
| LC control number |
97050343 |
| 020 ## - INTERNATIONAL STANDARD BOOK NUMBER |
| International Standard Book Number |
0028028333 (student ed.) |
| 020 ## - INTERNATIONAL STANDARD BOOK NUMBER |
| International Standard Book Number |
0028028384 (instructor's annotated ed.) |
| 040 ## - CATALOGING SOURCE |
| Transcribing agency |
Nust |
| 082 00 - DEWEY DECIMAL CLASSIFICATION NUMBER |
| Classification number |
621.381,MAL |
| 100 1# - MAIN ENTRY--PERSONAL NAME |
| Personal name |
Malvino, Albert Paul. |
| 9 (RLIN) |
56026 |
| 245 10 - TITLE STATEMENT |
| Title |
Malvino electronic principles / |
| Statement of responsibility, etc. |
Albert Paul Malvino. |
| 250 ## - EDITION STATEMENT |
| Edition statement |
6th ed. |
| 260 ## - PUBLICATION, DISTRIBUTION, ETC. |
| Place of publication, distribution, etc. |
New York : |
| Name of publisher, distributor, etc. |
Glencoe/McGraw-Hill, |
| Date of publication, distribution, etc. |
c1999. |
| 300 ## - PHYSICAL DESCRIPTION |
| Extent |
xi, 1012 p. : |
| Other physical details |
col. ill. ; |
| Dimensions |
27 cm. |
| 505 ## - FORMATTED CONTENTS NOTE |
| Formatted contents note |
Introduction (Page-1), Semiconductors (Page-30), Diode Theory (Page-62), Diode Circuits (Page-90), Special-Purpose Diodes (Page-144), Bipolar Transistors (Page-188), Transistor Fundamentals (Page-220), Transistor Biasing (Page-258), AC Models (Page-282), Voltage Amplifiers (Page-312), Power Amplifiers (Page-340), Emitter Followers (Page-378), Jfets (Page-420), Mosfets (Page-466), Thyristors (Page-494), Frequency Effects (Page-524), Differential Amplifiers (Page-570), Operational Amplifiers (Page-616), Negative Feedback (Page-662), Linear op-AMP Circuits (Page-692), Active Filters (Page-742), Nonlinear op-AMP Circuits (Page-806), Oscillators (Page-854), Regulated Power Supplies (Page-906). |
| 650 #0 - SUBJECT ADDED ENTRY--TOPICAL TERM |
| Topical term or geographic name entry element |
Telecommunication Engineering |
| 700 1# - ADDED ENTRY--PERSONAL NAME |
| Personal name |
Malvino, Albert Paul. |
| 9 (RLIN) |
56026 |
| 856 42 - ELECTRONIC LOCATION AND ACCESS |
| Materials specified |
Publisher description |
| Uniform Resource Identifier |
<a href="http://www.loc.gov/catdir/description/mh031/97050343.html">http://www.loc.gov/catdir/description/mh031/97050343.html</a> |
| 856 42 - ELECTRONIC LOCATION AND ACCESS |
| Materials specified |
Table of contents |
| Uniform Resource Identifier |
<a href="http://www.loc.gov/catdir/toc/mh031/97050343.html">http://www.loc.gov/catdir/toc/mh031/97050343.html</a> |
| 942 ## - ADDED ENTRY ELEMENTS (KOHA) |
| Source of classification or shelving scheme |
|
| Koha item type |
Book |